Αξιολόγηση των εξ αποστάσεως προγραμμάτων του Ινστιτούτου Διαρκούς Εκπαίδευσης Ενηλίκων : διπλωματική εργασία [μεταπτυχιακή εργασία]

Αποθηκεύτηκε σε:
Λεπτομέρειες βιβλιογραφικής εγγραφής
Κύριος συγγραφέας: Περιστέρη, Μαρία
Συγγραφή απο Οργανισμό/Αρχή: Πανεπιστήμιο Αιγαίου Σχολή Ανθρωπιστικών Επιστημών Τμήμα Επιστημών της Προσχολικής Αγωγής και του Εκπαιδευτικού Σχεδιασμού Πρόγραμμα Μεταπτυχιακών Σπουδών Φύλο και Νέα Εκπαιδευτικά και Εργασιακά Περιβάλλοντα στην Κοινωνία της Πληροφορίας
Άλλοι συγγραφείς: Ρούσσος, Πέτρος Λ. (Εισηγητής διατριβής)
Μορφή: Thesis Βιβλίο
Γλώσσα:Greek
Δημοσίευση: 2010
Θέματα:
Διαθέσιμο Online:http://hdl.handle.net/11610/13833
Ετικέτες: Προσθήκη ετικέτας
Δεν υπάρχουν, Καταχωρήστε ετικέτα πρώτοι!

MARC

LEADER 00000cam a2200000 i 4500
001 1/14748
008 110826s2010 gre d
035 |l 10110700 
040 |a GR-MY-UA  |b gre  |e aacr 
041 0 |a gre 
082 0 |a 374  |2 (22) 
100 1 |a Περιστέρη, Μαρία. 
245 1 0 |a Αξιολόγηση των εξ αποστάσεως προγραμμάτων του Ινστιτούτου Διαρκούς Εκπαίδευσης Ενηλίκων :  |b διπλωματική εργασία [μεταπτυχιακή εργασία] /  |c Περιστέρη Μαρία ; επιβλέπων: Ρούσσος Πέτρος 
260 |c 2010 
300 |a 113 σ.;  |b πιν.;  |c 30 εκ. 
500 |a Μέλη εξεταστικής επιτροπής: Βρυωνίδης Μάριος, Παύλου Βικτωρία 
502 |a Διατριβή (μεταπτυχιακή) – Πανεπιστήμιο Αιγαίου, Ρόδος, 2010. 
504 |a Βιβλιογραφία: σ. 84-94 
650 0 0 |a Adult education. 
650 0 0 |a Adult education  |x Study and teaching  |z Greece. 
650 0 0 |a Continuing education  |z Greece. 
650 0 0 |a Evaluation. 
650 0 0 |a Dissertations, Academic  |z Greece. 
700 1 |a Ρούσσος, Πέτρος Λ.  |4 ths 
710 1 |a Πανεπιστήμιο Αιγαίου   |b Σχολή Ανθρωπιστικών Επιστημών   |b Τμήμα Επιστημών της Προσχολικής Αγωγής και του Εκπαιδευτικού Σχεδιασμού   |b Πρόγραμμα Μεταπτυχιακών Σπουδών Φύλο και Νέα Εκπαιδευτικά και Εργασιακά Περιβάλλοντα στην Κοινωνία της Πληροφορίας. 
852 |a INST  |b RHODES  |c DIATR  |e 20110826  |h 374 ΠΕΡ  |p 005400033184  |q 005400033184  |t MTXE  |y 23 
852 |a INST  |b RHODES  |c DIATR  |e 20110826  |h 374 ΠΕΡ  |p 005400033546  |q 005400033546  |t MTXE  |y 23 
856 |u http://hdl.handle.net/11610/13833 
901 |a BIBL4-2011-2 
909 |a Ρ  |b 163976 
909 |a Ρ  |b 163977 
924 |a ΠΕΡΙΣΤΕΡΗ  |b ΜΑΡΙΑ  |y ΡΟΔΟΣ  |z 2011-08 
970 |z 2010/05/